[Event "Pombal op 13th"]
[Site "Pombal"]
[Date "2022.10.08"]
[Round "6"]
[White "Goncalves, Samuel Jesus P"]
[Black "Paiva, Manuel Maria Fonse"]
[Result "0-1"]
[WhiteElo "2072"]
[BlackElo "1451"]
[PlyCount "110"]
[EventDate "2022.09.28"]
[EventType "swiss"]
[EventRounds "9"]
[EventCountry "POR"]
[SourceTitle "EXT 2024"]
[Source "ChessBase"]
[SourceDate "2023.10.10"]
[SourceVersion "1"]
[SourceVersionDate "2023.10.10"]
[SourceQuality "1"]

1. d4 Nf6 2. Nf3 g6 3. Nc3 d5 4. Bf4 Bg7 5. Nb5 Na6 6. e3 Ne4 7. Be2 c6 8. Na3 Qa5+ 9. c3 0-0 10. Qb3 Qb6 11. Nb1 Bg4 12. Nbd2 Nxd2 13. Kxd2 c5 14. Qxb6 axb6 15. h3 Bxf3 16. Bxf3 e6 17. Be2 Rfc8 18. Rhb1 Nb8 19. b4 c4 20. a4 Nc6 21. Ra3 Ra7 22. Rba1 Rca8 23. e4 dxe4 24. Be3 Ne7 25. Bxc4 Nd5 26. Be2 f5 27. f3 f4 28. Bg1 e3+ 29. Kd3 Rc8 30. Rb1 b5 31. a5 e5 32. Rbb3 exd4 33. g3 dxc3 34. Bd1 Nxb4+ 35. Rxb4 Bf8 36. Rxc3 Rd8+ 37. Rd4 Rxd4+ 38. Kxd4 Bg7+ 39. Kd3 Bxc3 40. Kxc3 Rxa5 41. gxf4 Ra1 42. Bb3+ Kg7 43. Bxe3 Rh1 44. Bd4+ Kf8 45. Bd5 Rxh3 46. Bxb7 h5 47. Kd3 Rh1 48. Ke3 h4 49. Bc6 Rc1 50. Bd7 b4 51. f5 Ke7 52. Ba4 gxf5 53. Kf4 Rc4 54. Ke3 f4+ 55. Kd3 Rxd4+ 0-1

[Event "POR-ch U14/20"]
[Site "Fatima"]
[Date "2022.04.12"]
[Round "5"]
[White "Marques, Joao Goncalo BA"]
[Black "Paiva, Manuel Maria Fonse"]
[Result "1-0"]
[WhiteElo "1418"]
[BlackElo "1370"]
[PlyCount "45"]
[EventDate "2022.04.10"]
[EventType "swiss"]
[EventRounds "9"]
[EventCountry "POR"]
[SourceTitle "EXT 2023"]
[Source "ChessBase"]
[SourceDate "2022.10.05"]
[SourceVersion "1"]
[SourceVersionDate "2022.10.05"]
[SourceQuality "1"]

1. e4 c6 2. d4 d5 3. e5 Bf5 4. Nf3 e6 5. Be2 c5 6. Be3 Nc6 7. 0-0 cxd4 8. Nxd4 Nxe5 9. Nxf5 exf5 10. Bb5+ Nc6 11. Re1 Be7 12. c4 dxc4 13. Qa4 Qd6 14. Nc3 Nf6 15. Rad1 Qc7 16. Bf4 Qxf4 17. Bxc6+ Kf8 18. Rxe7 Kxe7 19. Qb4+ Ke6 20. Re1+ Ne4 21. Bxe4 Qd2 22. Bd5+ Kf6 23. Ne4+ 1-0